| 000 | 00538nam a2200193Ia 4500 | ||
|---|---|---|---|
| 005 | 20250507130341.0 | ||
| 008 | 008 250505s9999 xx 000 0 chi d | ||
| 037 | _aAnnuals, Advances | ||
| 040 |
_aEASL _beng _cEASL |
||
| 041 |
_achi _2eng |
||
| 084 |
_aP41:3, 41N2 _qEASL |
||
| 100 |
_aXing Fuyi _9665181 |
||
| 245 | 0 | _aYufa wenti fa jueji | |
| 260 |
_aChina _bHubei Hubei Jiaoyu chubanshi _c1992 |
||
| 300 | _a381p. | ||
| 650 |
_aCL _9642733 |
||
| 942 |
_cTEXL _hP41:3, 41N2 |
||
| 999 |
_c1319161 _d1319161 |
||